00709nam a2200229Ia 45000010006000000050017000060070003000230080041000260400025000670410008000920820024001001000028001242450049001522500013002012600034002143000019002486530025002676530024002929420012003169520134003289990017004624178120240114003437.0ta080508s1998 g b000 u asm u aCotton College Assam aasm a891.4109bHa 123 Pi aHazarika, Karabi Deka . 0aUsha Parinoy /cPitambar.hTextual Documents aist ed / aGuwahati :bBanalata ,c1998. a182pg ;c21cm. aEarly Assamese Kavya aAssamese Literature 2ddccBK 001040708Circulation(G)aSKBLbSKBLd2012-02-01f00000l0o891.4109 Ha 123 Pip5328/Asr2024-01-14 00:00:00t1w2012-02-01yBK c41748d41748